Пропуск в контексте

Модернизация изношенной техники с применением трибопрепаратов

Данная работа посвящена профилактическим и ремонтно-восстановительным препаратам, возможным механизмам их действия. Практические решения представлены как технологические рекомендации по выбору операций и режимов «Безразборного ремонта» автотракторных двигателей. Приведены конкретные примеры и показа...

Fuld beskrivelse

Сохранить в:
Bibliografiske detaljer
Hovedforfatter: Дунаев А. В.
Andre forfattere: Шарифуллин С. Н.
Format: Книга
Sprog:Russian
Udgivet: Казань КФУ 2013
Online adgang:http://e.lanbook.com/books/element.php?pl1_id=72826
https://e.lanbook.com/img/cover/book/72826.jpg
Tags: Tilføj Tag
Ingen Tags, Vær først til at tagge denne postø!
LEADER 02153nam0a2200277 i 4500
001 72826
003 RuSpLAN
005 20221220173946.0
008 221220s2013 ru gs 000 0 rus
020 |a 978-5-00019-141-5 
040 |a RuSpLAN 
041 0 |a rus 
044 |a ru 
080 |a 621.89 
084 |a 30.82  |2 rubbk 
245 0 0 |a Модернизация изношенной техники с применением трибопрепаратов  |c Дунаев А. В.,Шарифуллин С. Н. 
260 |a Казань  |b КФУ  |c 2013 
300 |a 272 с. 
504 |a Библиогр.: доступна в карточке книги, на сайте ЭБС Лань 
520 8 |a Данная работа посвящена профилактическим и ремонтно-восстановительным препаратам, возможным механизмам их действия. Практические решения представлены как технологические рекомендации по выбору операций и режимов «Безразборного ремонта» автотракторных двигателей. Приведены конкретные примеры и показана технико-экономическая эффективность нетрадиционнного ремонта минеральными модификаторами трения. Для специалистов технического сервиса, студентам технических специальностей высших учебных заведений. Может быть полезной инженерно-техническим работникам и владельцам техники. 
521 8 |a Книга из коллекции КФУ - Инженерно-технические науки 
100 1 |a Дунаев А. В. 
700 1 |a Шарифуллин С. Н. 
856 4 |u http://e.lanbook.com/books/element.php?pl1_id=72826 
856 4 8 |u https://e.lanbook.com/img/cover/book/72826.jpg 
953 |a https://e.lanbook.com/img/cover/book/72826.jpg